National Capitals of the United States - Statistics

General Stats
  • This quiz has been taken 42 times
  • The average score is 6 of 10
Answer Stats
Answer % Correct
New York City
97%
Washington, D.C.
95%
Philadelphia
92%
Baltimore
79%
Trenton
67%
Washington City
67%
Annapolis
44%
Lancaster
21%
Princeton
10%
Yorktown
10%
No matching quizzes found
Score Distribution
Percent of People with Each Score
Percentile by Number Answered
Your Score History
You have not taken this quiz